| 000 | 00339nam a2200121Ia 4500 | ||
|---|---|---|---|
| 008 | 150202s9999 xx 000 0 und d | ||
| 050 |
_aFIC _bFIC |
||
| 100 | _aBoyd, William. | ||
| 245 | 2 |
_aA good man in Africa / _cWilliam Boyd. |
|
| 260 |
_aGreat Britain : _bPenguin Books, _c1981. |
||
| 300 |
_a311 pages : _c18 cm. |
||
| 650 | _aFiction. | ||
| 999 |
_c281870 _d281870 |
||